[Event "HUN-chT2 Barcza 1415"]
[Site "Hungary"]
[Date "2015.02.08"]
[Round "?"]
[White "Botragyi, Tibor"]
[Black "Kovalcsik, Zoltan"]
[Result "1-0"]
[WhiteElo "2050"]
[BlackElo "1858"]
[PlyCount "171"]
[EventDate "2014.09.07"]
[EventType "team-tourn"]
[EventRounds "11"]
[EventCountry "HUN"]
[SourceTitle "EXT 2016"]
[Source "ChessBase"]
[SourceDate "2015.10.08"]
[SourceVersion "1"]
[SourceVersionDate "2015.10.08"]
[SourceQuality "1"]
[WhiteTeam "Debrecen Sakkbaratok"]
[BlackTeam "Piremon"]
[WhiteTeamCountry "HUN"]
[BlackTeamCountry "HUN"]

1. e4 d5 2. exd5 Qxd5 3. d4 e5 4. dxe5 Qxd1+ 5. Kxd1 Bf5 6. Bd3 Bxd3 7. cxd3 Nc6 8. Nf3 0-0-0 9. Ke2 Nb4 10. Ne1 f6 11. exf6 Nxf6 12. Be3 Bd6 13. Nc3 Rhe8 14. Kd2 Nc6 15. Nf3 Bb4 16. Kc2 Ng4 17. Rhe1 h6 18. a3 Ba5 19. h3 Nge5 20. Nxe5 Nxe5 21. Rad1 Nc6 22. Re2 Re6 23. b4 Bb6 24. Bxb6 Rxe2+ 25. Nxe2 axb6 26. d4 Rd5 27. Rd3 g5 28. Kc3 b5 29. Rf3 Ne7 30. g4 Rd6 31. Rf7 Nd5+ 32. Kd3 Ra6 33. Ke4 c6 34. Rf8+ Kc7 35. Rf3 Ra8 36. Nc1 Kd6 37. Ne2 Re8+ 38. Kd3 Ra8 39. Kc2 Re8 40. Kd2 Ra8 41. Ng3 Nf4 42. Nf5+ Kd5 43. Re3 h5 44. Kc2 b6 45. Kb3 c5 46. Re5+ Kc6 47. dxc5 hxg4 48. hxg4 bxc5 49. Rxc5+ Kb6 50. Nd4 Rd8 51. Rxb5+ Ka6 52. Ra5+ Kb6 53. Kc4 Rc8+ 54. Rc5 Ra8 55. Kb3 Rd8 56. Kc4 Ra8 57. Nc2 Ne6 58. Re5 Rc8+ 59. Kb3 Re8 60. Ra5 Rf8 61. Rf5 Re8 62. Rf6 Kc7 63. a4 Nf4 64. Nd4 Re4 65. Nb5+ Kd7 66. a5 Rxb4+ 67. Kxb4 Nd5+ 68. Kc5 Nxf6 69. f3 Kc8 70. Nd6+ Kc7 71. Ne4 Nh7 72. a6 Kb8 73. Kb6 Ka8 74. Nc5 Nf8 75. Ne4 Ne6 76. Nd2 Kb8 77. Kc6 Ka7 78. Kd5 Nf4+ 79. Ke5 Kxa6 80. Ne4 Nh3 81. Kf5 Kb6 82. Nxg5 Ng1 83. f4 Ne2 84. Ne6 Ng3+ 85. Kf6 Ne4+ 86. Ke7 1-0

[Event "HUN-chT2 Barcza 1415"]
[Site "Hungary"]
[Date "2014.09.21"]
[Round "?"]
[White "Vass, Laszlo"]
[Black "Kovalcsik, Zoltan"]
[Result "1-0"]
[WhiteElo "1812"]
[BlackElo "1858"]
[PlyCount "75"]
[EventDate "2014.09.07"]
[EventType "team-tourn"]
[EventRounds "11"]
[EventCountry "HUN"]
[SourceTitle "EXT 2016"]
[Source "ChessBase"]
[SourceDate "2015.10.08"]
[SourceVersion "1"]
[SourceVersionDate "2015.10.08"]
[SourceQuality "1"]
[WhiteTeam "Nadudvar"]
[BlackTeam "Piremon"]
[WhiteTeamCountry "HUN"]
[BlackTeamCountry "HUN"]

1. e4 d5 2. exd5 Nf6 3. d4 Nxd5 4. c4 Nf6 5. Nc3 c6 6. h3 g6 7. Be3 Bg7 8. Qd2 0-0 9. Bd3 Re8 10. Nf3 Nbd7 11. Ne5 Qa5 12. f4 Nf8 13. a3 Qd8 14. 0-0 Bf5 15. g4 Bxd3 16. Qxd3 N6d7 17. Qe4 Nxe5 18. dxe5 e6 19. Rad1 Qh4 20. Qf3 Qe7 21. Ne4 Nd7 22. c5 Red8 23. Rd6 Rac8 24. Rfd1 f6 25. exf6 Nxf6 26. Ng5 Rxd6 27. Rxd6 e5 28. Re6 Qd7 29. fxe5 Nd5 30. Rd6 Qe7 31. e6 Nxe3 32. Qxe3 Bh6 33. h4 Rf8 34. Rd7 Qf6 35. Rf7 Bxg5 36. hxg5 Qxb2 37. Rxf8+ Kxf8 38. Qf4+ 1-0

[Event "HUN-chT2 Barcza 1213"]
[Site "Hungary"]
[Date "2013.04.21"]
[Round "11.6"]
[White "Nagy, Kalman"]
[Black "Kovalcsik, Zoltan"]
[Result "1-0"]
[WhiteElo "2050"]
[BlackElo "1841"]
[PlyCount "95"]
[EventDate "2012.09.16"]
[EventType "team-tourn"]
[EventRounds "11"]
[EventCountry "HUN"]
[SourceTitle "EXT 2014"]
[Source "ChessBase"]
[SourceDate "2013.11.20"]
[SourceVersion "1"]
[SourceVersionDate "2013.11.20"]
[SourceQuality "1"]
[WhiteTeam "Sajoszentpeter"]
[BlackTeam "Tiszavasvar"]
[WhiteTeamCountry "HUN"]
[BlackTeamCountry "HUN"]

1. e4 d5 2. exd5 Qxd5 3. Nf3 Nf6 4. h3 Bf5 5. d4 Qe4+ 6. Be3 Qxc2 7. Qxc2 Bxc2 8. Na3 Ba4 9. Rc1 e6 10. Bb5+ Bxb5 11. Nxb5 Bb4+ 12. Ke2 Na6 13. Nxc7+ Nxc7 14. Rxc7 b6 15. Rhc1 0-0 16. a3 Bd6 17. R7c6 Be7 18. Bg5 Nd5 19. Bxe7 Nxe7 20. R6c2 Rfd8 21. Kd3 f6 22. Ke4 Nd5 23. g3 Kf7 24. h4 h5 25. b4 Ke7 26. Ne1 Rd7 27. Ng2 Rad8 28. Ne3 Nxe3 29. fxe3 g6 30. b5 Rd5 31. a4 e5 32. Rc7+ Ke6 33. R1c6+ R8d6 34. Rxd6+ Rxd6 35. dxe5 f5+ 36. Kf4 Rd1 37. Rc6+ Kf7 38. e6+ Kf6 39. e7+ Kxe7 40. Rxg6 Rf1+ 41. Ke5 Rf3 42. Rg7+ Kf8 43. Rxa7 Rxg3 44. Kxf5 Rxe3 45. Kf6 Kg8 46. Kg6 Rg3+ 47. Kxh5 Kf8 48. Kh6 1-0

[Event "HUN-chT2 Barcza 1213"]
[Site "Hungary"]
[Date "2013.03.03"]
[Round "8.5"]
[White "Pozsonyi, Istvan"]
[Black "Kovalcsik, Zoltan"]
[Result "1-0"]
[WhiteElo "1942"]
[BlackElo "1841"]
[PlyCount "81"]
[EventDate "2012.09.16"]
[EventType "team-tourn"]
[EventRounds "11"]
[EventCountry "HUN"]
[SourceTitle "EXT 2014"]
[Source "ChessBase"]
[SourceDate "2013.11.20"]
[SourceVersion "1"]
[SourceVersionDate "2013.11.20"]
[SourceQuality "1"]
[WhiteTeam "Piremon"]
[BlackTeam "Tiszavasvar"]
[WhiteTeamCountry "HUN"]
[BlackTeamCountry "HUN"]

1. c4 d5 2. cxd5 Qxd5 3. Nc3 Qa5 4. g3 Nf6 5. Bg2 c6 6. Nf3 g6 7. a3 Bg7 8. b4 Qd8 9. Bb2 0-0 10. 0-0 Nbd7 11. Rc1 Nd5 12. Rc2 Nxc3 13. Bxc3 Nf6 14. Qa1 Bf5 15. d3 Rc8 16. Bb2 Ne8 17. h3 Bd7 18. Kh2 Qb6 19. Ne5 Be6 20. Bd4 Bxe5 21. Bxe5 f6 22. Bd4 Qa6 23. Rc5 b5 24. Rfc1 Bd7 25. R1c2 Ng7 26. Be3 Rc7 27. Qc1 Rfc8 28. d4 Nf5 29. d5 e5 30. dxe6 Bxe6 31. Bf4 Nd4 32. Bxc7 Nxc2 33. Rxc6 Qxa3 34. Qxc2 Bc4 35. Bd6 Re8 36. e3 Re6 37. Qd2 Qb3 38. Rc8+ Kg7 39. Rc7+ Kg8 40. Bc5 Bd3 41. Rxa7 1-0

[Event "HUN-chT2 Barcza 1213"]
[Site "Hungary"]
[Date "2012.11.18"]
[Round "4.7"]
[White "Toviskes, Antal"]
[Black "Kovalcsik, Zoltan"]
[Result "1-0"]
[WhiteElo "2048"]
[BlackElo "1857"]
[PlyCount "43"]
[EventDate "2012.09.16"]
[EventType "team-tourn"]
[EventRounds "11"]
[EventCountry "HUN"]
[SourceTitle "EXT 2014"]
[Source "ChessBase"]
[SourceDate "2013.11.20"]
[SourceVersion "1"]
[SourceVersionDate "2013.11.20"]
[SourceQuality "1"]
[WhiteTeam "Hajduboszormeny"]
[BlackTeam "Tiszavasvar"]
[WhiteTeamCountry "HUN"]
[BlackTeamCountry "HUN"]

1. e4 d5 2. exd5 Qxd5 3. Nc3 Qa5 4. d4 c6 5. Nf3 Nf6 6. Bd2 Bf5 7. Bc4 e6 8. 0-0 Qc7 9. Re1 Be7 10. Ne2 0-0 11. Bf4 Bd6 12. Bxd6 Qxd6 13. Ng3 Bg4 14. c3 Qf4 15. Be2 Nbd7 16. h3 Bxf3 17. Bxf3 Rfd8 18. Qe2 Re8 19. Rad1 Rad8 20. Ne4 Nxe4 21. Bxe4 Nf6 22. Bc2 1-0

[Event "Baile Felix Cup 27th"]
[Site "Baile Felix"]
[Date "2012.06.03"]
[Round "4"]
[White "Costin, Petrica"]
[Black "Kovalcsik, Zoltan"]
[Result "1/2-1/2"]
[WhiteElo "2160"]
[BlackElo "1888"]
[PlyCount "96"]
[EventDate "2012.06.01"]
[EventType "swiss"]
[EventRounds "7"]
[EventCountry "ROU"]
[SourceTitle "CBM 148 Extra"]
[Source "ChessBase"]
[SourceDate "2012.06.22"]
[SourceVersion "1"]
[SourceVersionDate "2012.06.22"]
[SourceQuality "1"]

1. e4 d5 2. exd5 Qxd5 3. Nc3 Qa5 4. d4 c6 5. Bd3 Nf6 6. Nge2 Bg4 7. 0-0 e6 8. Ne4 Nxe4 9. Bxe4 Bd6 10. Qd3 Nd7 11. h3 Bh5 12. Nf4 Bg6 13. Nxg6 hxg6 14. c4 0-0-0 15. Bd2 Qh5 16. Bf3 Qh4 17. Qe4 Qxe4 18. Bxe4 Rh4 19. f3 Be7 20. Be1 Rh5 21. Bf2 Kb8 22. Rfd1 Bh4 23. Be3 Bg3 24. b4 f5 25. Bc2 Nb6 26. Bb3 g5 27. a4 g4 28. fxg4 fxg4 29. a5 Nd7 30. hxg4 Rh2 31. Ra2 Rdh8 32. Kf1 Nf6 33. Bg1 Rh1 34. Ke2 Ne4 35. Kd3 Nf6 36. g5 Ng4 37. Re2 e5 38. d5 cxd5 39. cxd5 Bf4 40. Ke4 R1h5 41. g6 Nf6+ 42. Kf3 Rg5 43. Bf2 Rh2 44. Rg1 Nh5 45. Bc2 Ng3 46. Bxg3 Rxg3+ 47. Kf2 Rh8 48. Be4 Rf8 1/2-1/2

[Event "HUN-chT2 Barcza 1011"]
[Site "Hungary"]
[Date "2011.05.15"]
[Round "11.7"]
[White "Kosa, Peter"]
[Black "Kovalcsik, Zoltan"]
[Result "1-0"]
[WhiteElo "2147"]
[BlackElo "1931"]
[PlyCount "75"]
[EventDate "2010.09.12"]
[EventType "team-tourn"]
[EventRounds "11"]
[EventCountry "HUN"]
[SourceTitle "EXT 2012"]
[Source "ChessBase"]
[SourceDate "2011.11.24"]
[SourceVersion "1"]
[SourceVersionDate "2011.11.24"]
[SourceQuality "1"]
[WhiteTeam "Hajduszoboszlo"]
[BlackTeam "Balkany"]
[WhiteTeamCountry "HUN"]
[BlackTeamCountry "HUN"]

1. e4 d5 2. exd5 Qxd5 3. Nc3 Qa5 4. d4 c6 5. Nf3 Nf6 6. Bc4 Bf5 7. Bd2 e6 8. Nd5 Qd8 9. Nxf6+ gxf6 10. c3 Bd6 11. Nh4 Bg6 12. Qf3 Nd7 13. Qh3 Rg8 14. 0-0 Qe7 15. Rae1 0-0-0 16. f4 f5 17. Bd3 Qf8 18. Nf3 Nf6 19. Ne5 Kb8 20. b4 Bh5 21. b5 c5 22. Rb1 Bg4 23. Qe3 Nd5 24. Qe1 Nb6 25. Nxg4 Rxg4 26. Be2 Rg6 27. Bf3 c4 28. Qc1 h5 29. a4 h4 30. a5 Nd5 31. Kh1 Qh6 32. a6 b6 33. Bxd5 exd5 34. Qc2 h3 35. g3 Re8 36. Qxf5 Re7 37. Qxd5 Rge6 38. Rbe1 1-0

[Event "HUN-chT2 Barcza 1011"]
[Site "Hungary"]
[Date "2011.03.27"]
[Round "7.6"]
[White "Kovalcsik, Zoltan"]
[Black "Zelei, Zoltan"]
[Result "0-1"]
[WhiteElo "1930"]
[BlackElo "2010"]
[PlyCount "130"]
[EventDate "2010.09.12"]
[EventType "team-tourn"]
[EventRounds "11"]
[EventCountry "HUN"]
[SourceTitle "EXT 2012"]
[Source "ChessBase"]
[SourceDate "2011.11.24"]
[SourceVersion "1"]
[SourceVersionDate "2011.11.24"]
[SourceQuality "1"]
[WhiteTeam "Balkany"]
[BlackTeam "Mezokovesd"]
[WhiteTeamCountry "HUN"]
[BlackTeamCountry "HUN"]

1. Nf3 d5 2. g3 c5 3. c4 e6 4. Bg2 Nf6 5. 0-0 Nc6 6. d3 Be7 7. Bf4 0-0 8. Nc3 a6 9. cxd5 exd5 10. Rc1 Be6 11. d4 Ne4 12. dxc5 Nxc5 13. a3 d4 14. Na4 Bb3 15. Nxc5 Bxd1 16. Rfxd1 Bxc5 17. Rxc5 Qb6 18. b4 a5 19. Rc4 axb4 20. axb4 Rfd8 21. h4 Qb5 22. Rdc1 Ra4 23. Nxd4 Nxd4 24. Rxd4 Re8 25. Bf3 Rxb4 26. Rd5 Qa4 27. Be3 h6 28. Rcc5 Qa2 29. Rd2 Qe6 30. Rc7 b5 31. Rd1 Qe5 32. Rdd7 Rc4 33. Rb7 Rb8 34. Ra7 Ra4 35. Rac7 Qf5 36. Kg2 Rc4 37. Ra7 Rcc8 38. Bd5 Rf8 39. Bc5 Rbd8 40. e4 Qxd7 41. Rxd7 Rxd7 42. Bxf8 Kxf8 43. Bc6 Re7 44. Bxb5 Rxe4 45. Kf3 Rb4 46. Bc6 Ke7 47. Bd5 f5 48. Ba8 Kf6 49. Ke3 Rb3+ 50. Ke2 Ke5 51. Bc6 f4 52. g4 f3+ 53. Bxf3 Kf4 54. Bd5 Rb2+ 55. Kf1 Kxg4 56. Kg2 Kxh4 57. Bf3 Kg5 58. Bd5 Kf4 59. Kg1 h5 60. Be6 g5 61. Bd7 g4 62. Bc6 h4 63. Bd7 Rb1+ 64. Kh2 Kf3 65. Be6 g3+ 0-1

[Event "HUN-chT2 Barcza 0809"]
[Site "Hungary"]
[Date "2008.11.02"]
[Round "2.10"]
[White "Kovalcsik, Zoltan"]
[Black "Hazir, Barbara"]
[Result "1-0"]
[WhiteElo "1946"]
[BlackElo "1700"]
[PlyCount "61"]
[EventDate "2008.10.26"]
[EventType "tourn"]
[EventRounds "11"]
[EventCountry "HUN"]
[SourceTitle "EXT 2010"]
[Source "ChessBase"]
[SourceDate "2010.11.25"]
[SourceVersion "1"]
[SourceVersionDate "2010.11.25"]
[SourceQuality "1"]
[WhiteTeam "Piremon"]
[BlackTeam "Miskolc EMSE II"]
[WhiteTeamCountry "HUN"]
[BlackTeamCountry "HUN"]

1. e4 e6 2. Nf3 d5 3. e5 c5 4. b4 cxb4 5. d4 Nc6 6. a3 Qb6 7. axb4 Bxb4+ 8. c3 Be7 9. Na3 a6 10. Be2 Bd7 11. 0-0 Qc7 12. Nb5 Qb8 13. Qa4 Na7 14. c4 axb5 15. cxb5 b6 16. Bd2 Bc8 17. Rfc1 Bb7 18. Qc2 Bd8 19. Bb4 Nc8 20. Bd3 Rxa1 21. Rxa1 Nge7 22. h4 Qc7 23. Qd2 Qd7 24. h5 Nf5 25. Qf4 Be7 26. Bd2 f6 27. g4 fxe5 28. Nxe5 Qd8 29. gxf5 exf5 30. Bxf5 Nd6 31. Bd7+ 1-0

[Event "HUN-chT2 Barcza 0708"]
[Site "Hungary"]
[Date "2008.03.02"]
[Round "7"]
[White "Kovalcsik, Zoltan"]
[Black "Filep, Ferenc"]
[Result "0-1"]
[WhiteElo "1975"]
[BlackElo "2012"]
[PlyCount "56"]
[EventDate "2007.10.14"]
[EventType "team-tourn"]
[EventRounds "11"]
[EventCountry "HUN"]
[SourceTitle "EXT 2009"]
[Source "ChessBase"]
[SourceDate "2008.11.26"]
[SourceVersion "1"]
[SourceVersionDate "2008.11.26"]
[SourceQuality "1"]
[WhiteTeam "Lokomotiv"]
[BlackTeam "DEAC"]
[WhiteTeamCountry "HUN"]
[BlackTeamCountry "HUN"]

1. e4 e5 2. d4 exd4 3. Qxd4 Nc6 4. Qe3 Nf6 5. Nc3 Bb4 6. Bd2 0-0 7. 0-0-0 Re8 8. Bc4 d6 9. f3 Be6 10. Bxe6 Rxe6 11. Qg5 a5 12. Kb1 Ne5 13. Nge2 Bc5 14. Nf4 Re8 15. Qg3 b5 16. h4 a4 17. h5 c6 18. h6 g6 19. Nh5 Nxh5 20. Rxh5 b4 21. Ne2 b3 22. Bc3 Qb6 23. Nd4 Bb4 24. Bxb4 bxa2+ 25. Kxa2 Qxb4 26. f4 Reb8 27. Rb1 Qc4+ 28. Ka3 Rb3+ 0-1

[Event "HUN-chT2 Barcza 0708"]
[Site "Hungary"]
[Date "2007.12.09"]
[Round "4"]
[White "Kovalcsik, Zoltan"]
[Black "Kiss, Gergo"]
[Result "0-1"]
[WhiteElo "1975"]
[BlackElo "1780"]
[PlyCount "88"]
[EventDate "2007.10.14"]
[EventType "team-tourn"]
[EventRounds "11"]
[EventCountry "HUN"]
[SourceTitle "EXT 2009"]
[Source "ChessBase"]
[SourceDate "2008.11.26"]
[SourceVersion "1"]
[SourceVersionDate "2008.11.26"]
[SourceQuality "1"]
[WhiteTeam "Lokomotiv"]
[BlackTeam "Piremon"]
[WhiteTeamCountry "HUN"]
[BlackTeamCountry "HUN"]

1. e4 e6 2. Nf3 a6 3. e5 d5 4. exd6 Bxd6 5. d4 Nf6 6. c4 c6 7. Nc3 0-0 8. Bd3 Nbd7 9. Qc2 h6 10. h3 e5 11. Be3 Re8 12. 0-0 exd4 13. Bxd4 Ne5 14. Bxe5 Bxe5 15. Rad1 Qc7 16. Rfe1 Bd7 17. Ne4 Nxe4 18. Rxe4 Bf6 19. Rde1 Rxe4 20. Bxe4 Be6 21. Bf5 Bxf5 22. Qxf5 Bxb2 23. g4 Bc3 24. Re3 Bb2 25. g5 g6 26. Qc2 Bg7 27. h4 Rd8 28. Qe2 h5 29. Re7 Rd7 30. Re8+ Kh7 31. c5 Qf4 32. Re4 Qc1+ 33. Kg2 Qxc5 34. Ne5 Re7 35. f4 Qd5 36. Kg3 c5 37. a4 Qb3+ 38. Kg2 Bxe5 39. fxe5 b5 40. axb5 axb5 41. Qf3 Qd5 42. Qf4 b4 43. Kg3 Qe6 44. Rc4 Qxe5 0-1

[Event "HUN-chT2 Barcza 0708"]
[Site "Hungary"]
[Date "2007.11.25"]
[Round "3"]
[White "Kovalcsik, Zoltan"]
[Black "Szilvasi, Marcell"]
[Result "1-0"]
[WhiteElo "1975"]
[BlackElo "1901"]
[PlyCount "87"]
[EventDate "2007.10.14"]
[EventType "team-tourn"]
[EventRounds "11"]
[EventCountry "HUN"]
[SourceTitle "EXT 2009"]
[Source "ChessBase"]
[SourceDate "2008.11.26"]
[SourceVersion "1"]
[SourceVersionDate "2008.11.26"]
[SourceQuality "1"]
[WhiteTeam "Lokomotiv"]
[BlackTeam "Miskolc II"]
[WhiteTeamCountry "HUN"]
[BlackTeamCountry "HUN"]

1. e4 c5 2. Nf3 Nc6 3. d4 cxd4 4. c3 dxc3 5. Nxc3 e6 6. Bc4 Qc7 7. Qe2 Nf6 8. e5 Ng4 9. Bf4 f6 10. 0-0 Ngxe5 11. Nxe5 fxe5 12. Bg3 a6 13. Rac1 d5 14. Bd3 g6 15. h4 Bd6 16. Rfd1 Qg7 17. Qg4 Rf8 18. h5 g5 19. Bh4 e4 20. Bxe4 Bf4 21. Bg3 Bxc1 22. Bxd5 exd5 23. Re1+ Ne7 24. Qe2 Bf4 25. Bxf4 gxf4 26. Nxd5 Kd8 27. Nxe7 Bd7 28. Qf3 Rb8 29. Nd5 Re8 30. Rd1 Qg4 31. Qb3 Qe6 32. Qb4 b5 33. Qa5+ Rb6 34. Nxb6 Re7 35. Nxd7+ Ke8 36. Nc5 Qg4 37. Qd8+ Kf7 38. Qd5+ Ke8 39. f3 Qg3 40. Ne4 Qg7 41. h6 Qg6 42. Ng5 Kf8 43. Qd8+ Re8 44. Qd6+ 1-0

[Event "HUN-chT2 Barcza 0708"]
[Site "Hungary"]
[Date "2007.11.11"]
[Round "2"]
[White "Galko, Tibor"]
[Black "Kovalcsik, Zoltan"]
[Result "0-1"]
[WhiteElo "1974"]
[BlackElo "1975"]
[PlyCount "120"]
[EventDate "2007.10.14"]
[EventType "team-tourn"]
[EventRounds "11"]
[EventCountry "HUN"]
[SourceTitle "EXT 2009"]
[Source "ChessBase"]
[SourceDate "2008.11.26"]
[SourceVersion "1"]
[SourceVersionDate "2008.11.26"]
[SourceQuality "1"]
[WhiteTeam "Edeleny"]
[BlackTeam "Lokomotiv"]
[WhiteTeamCountry "HUN"]
[BlackTeamCountry "HUN"]

1. e4 d5 2. exd5 Nf6 3. Nf3 Nxd5 4. Be2 Nc6 5. d4 Bf5 6. c3 e6 7. Nbd2 a6 8. Nc4 Be7 9. 0-0 0-0 10. Re1 Re8 11. Bd3 Bxd3 12. Qxd3 b5 13. Nce5 Nxe5 14. Rxe5 g6 15. b4 Bf6 16. Re4 c6 17. Bh6 a5 18. Ne5 Rc8 19. a3 axb4 20. axb4 Ra8 21. Ree1 Qc7 22. Ng4 Qe7 23. Ne3 Nxe3 24. Bxe3 Qd7 25. Qc2 Qd5 26. Ra5 Rxa5 27. bxa5 Ra8 28. Ra1 Ra6 29. Qa2 Qxa2 30. Rxa2 Bd8 31. Bd2 Rxa5 32. Rxa5 Bxa5 33. Kf1 Kf8 34. Ke2 Ke7 35. Kd3 f6 36. Bc1 Bc7 37. h3 h5 38. Bd2 e5 39. g4 hxg4 40. hxg4 Ke6 41. Ke4 f5+ 42. gxf5+ gxf5+ 43. Kd3 e4+ 44. Kc2 Kd5 45. Kb3 Bd6 46. Bg5 c5 47. dxc5 Bxc5 48. Bh4 f4 49. Kc2 Kc4 50. Bg5 f3 51. Bh4 e3 52. fxe3 Bxe3 53. Kd1 Kxc3 54. Bf6+ Kb3 55. Ke1 b4 56. Be7 Kc3 57. Kd1 b3 58. Bf6+ Bd4 59. Bh4 f2 60. Bxf2 Bxf2 0-1

[Event "HUN-chT2 Barcza 0506"]
[Site "Hungary"]
[Date "2006.03.19"]
[Round "9"]
[White "Kovacs, Laszlo2"]
[Black "Kovalcsik, Zoltan"]
[Result "1-0"]
[WhiteElo "2041"]
[BlackElo "2063"]
[PlyCount "133"]
[EventDate "2005.10.16"]
[EventType "team-tourn"]
[EventRounds "11"]
[EventCountry "HUN"]
[SourceTitle "EXT 2009"]
[Source "ChessBase"]
[SourceDate "2008.11.26"]
[SourceVersion "1"]
[SourceVersionDate "2008.11.26"]
[SourceQuality "1"]
[WhiteTeam "Debrecen Betu"]
[BlackTeam "Lokomotiv"]
[WhiteTeamCountry "HUN"]
[BlackTeamCountry "HUN"]

1. d4 d5 2. c4 c6 3. cxd5 cxd5 4. Nc3 Nc6 5. Nf3 Nf6 6. Bf4 a6 7. e3 Bg4 8. Be2 e6 9. 0-0 Bxf3 10. Bxf3 Bd6 11. Bxd6 Qxd6 12. Na4 Nd7 13. Rc1 0-0 14. Be2 Rac8 15. Qd2 Rc7 16. Rc2 Rfc8 17. Rfc1 Ne7 18. Bd3 b5 19. Rxc7 Rxc7 20. Rxc7 Qxc7 21. Qc3 Qxc3 22. Nxc3 Nb6 23. Kf1 b4 24. Nb1 a5 25. Ke1 Kf8 26. a3 Nc4 27. Bxc4 dxc4 28. axb4 axb4 29. Nd2 c3 30. bxc3 bxc3 31. Ne4 Nd5 32. Kd1 f5 33. Nc5 Ke7 34. Na4 Kd6 35. Kc2 e5 36. dxe5+ Kxe5 37. Nxc3 Nb4+ 38. Kd2 g5 39. Ne2 Nd5 40. Nc3 Nb4 41. f3 h5 42. Ne2 Nd5 43. Nc1 Nf6 44. Nd3+ Kd5 45. Kc3 g4 46. Nf4+ Kc5 47. h4 gxh3 48. gxh3 Nh7 49. h4 Nf6 50. Kd3 Kd6 51. Kd4 Nd7 52. Nd3 Nf8 53. Nf4 Nd7 54. Ng6 Nf6 55. e4 fxe4 56. fxe4 Ke6 57. Nf4+ Kf7 58. e5 Ng8 59. Nxh5 Kg6 60. Ng3 Ne7 61. Kc5 Kf7 62. Kd6 Nc8+ 63. Kc7 Ne7 64. Kd7 Nd5 65. e6+ Kf8 66. Nf5 Kg8 67. Ne7+ 1-0

[Event "HUN-chT2 Barcza 0506"]
[Site "Hungary"]
[Date "2006.02.12"]
[Round "7"]
[White "Bacsi, Istvan"]
[Black "Kovalcsik, Zoltan"]
[Result "0-1"]
[WhiteElo "1883"]
[BlackElo "2063"]
[PlyCount "98"]
[EventDate "2005.10.16"]
[EventType "team-tourn"]
[EventRounds "11"]
[EventCountry "HUN"]
[SourceTitle "EXT 2009"]
[Source "ChessBase"]
[SourceDate "2008.11.26"]
[SourceVersion "1"]
[SourceVersionDate "2008.11.26"]
[SourceQuality "1"]
[WhiteTeam "Hajduboszormeny II"]
[BlackTeam "Lokomotiv"]
[WhiteTeamCountry "HUN"]
[BlackTeamCountry "HUN"]

1. Nc3 c6 2. e4 d5 3. d4 dxe4 4. Nxe4 Bf5 5. Ng3 Bg6 6. h4 h5 7. Nf3 Nd7 8. Bd3 Bxd3 9. Qxd3 e6 10. Bf4 Ngf6 11. 0-0-0 Qa5 12. Kb1 Nd5 13. Bd2 Qc7 14. Ne4 N7f6 15. Nxf6+ gxf6 16. g3 0-0-0 17. c4 Nb4 18. Qb3 Na6 19. Bc3 Qb6 20. Qxb6 axb6 21. a3 Rh6 22. Rhe1 Bg7 23. Kc2 Nc7 24. Re3 Rhh8 25. Nd2 Rhe8 26. f4 f5 27. Nf3 b5 28. b3 b6 29. Red3 Rd7 30. d5 Bxc3 31. Rxc3 exd5 32. Ne5 Rde7 33. cxd5 cxd5 34. Rxd5 Kb7 35. Rd6 f6 36. Nf3 b4 37. axb4 Nb5 38. Rcd3 Nxd6 39. Rxd6 Re2+ 40. Kc3 R8e3+ 41. Rd3 Rxd3+ 42. Kxd3 Rg2 43. Nd4 Rxg3+ 44. Kc4 Rg4 45. Kd5 Rxf4 46. b5 Re4 47. Nf3 Re3 48. Nd4 f4 49. Nf5 Re5+ 0-1

[Event "Nyiregyhaza op"]
[Site "Nyiregyhaza"]
[Date "2005.07.16"]
[Round "8"]
[White "Antos, Zoltan"]
[Black "Kovalcsik, Zoltan"]
[Result "0-1"]
[WhiteElo "1879"]
[BlackElo "2063"]
[PlyCount "92"]
[EventDate "2005.07.09"]
[EventType "swiss"]
[EventRounds "9"]
[EventCountry "HUN"]
[SourceTitle "EXT 2008"]
[Source "ChessBase"]
[SourceDate "2007.11.25"]
[SourceVersion "1"]
[SourceVersionDate "2007.11.25"]
[SourceQuality "1"]

1. Nf3 d5 2. g3 c5 3. Bg2 Nc6 4. d3 e5 5. 0-0 Nf6 6. Nbd2 Bd6 7. e4 d4 8. h3 b5 9. a4 Ba6 10. axb5 Bxb5 11. Ne1 Qc7 12. Nc4 Bxc4 13. dxc4 a5 14. b3 h6 15. f4 Ra6 16. f5 Qa7 17. Nd3 a4 18. Rb1 axb3 19. cxb3 Ke7 20. g4 Nb4 21. Nxb4 cxb4 22. Bb2 Bc5 23. Re1 Nd7 24. Bf1 Qb7 25. Bd3 Ra2 26. Rf1 Qb6 27. Qf3 f6 28. h4 Bd6 29. Kg2 Nc5 30. Qd1 Qb7 31. Kf3 Kd7 32. h5 Qc6 33. Qc2 Rha8 34. Rfc1 R8a3 35. Ra1 Rxb2 36. Qxb2 Rxb3 37. Qa2 Rxd3+ 38. Ke2 Re3+ 39. Kf1 Ra3 40. Qb2 Nd3 41. Qb1 Rxa1 42. Qxa1 Nxc1 43. Qxc1 Qa6 44. Qc2 Bc5 45. Ke2 Qa3 46. Kd1 b3 0-1

[Event "HUN-chT2 Barcza 0405"]
[Site "Hungary"]
[Date "2004.12.05"]
[Round "4"]
[White "Pinczes, Gyula"]
[Black "Kovalcsik, Zoltan"]
[Result "1/2-1/2"]
[WhiteElo "1872"]
[BlackElo "1814"]
[PlyCount "103"]
[EventDate "2004.09.26"]
[EventType "team-tourn"]
[EventRounds "11"]
[EventCountry "HUN"]
[SourceTitle "EXT 2009"]
[Source "ChessBase"]
[SourceDate "2008.11.26"]
[SourceVersion "1"]
[SourceVersionDate "2008.11.26"]
[SourceQuality "1"]
[WhiteTeam "Nadudvar"]
[BlackTeam "Derecske"]
[WhiteTeamCountry "HUN"]
[BlackTeamCountry "HUN"]

1. d4 d5 2. Nf3 Nf6 3. e3 Bg4 4. c4 c6 5. Qb3 Qb6 6. Nbd2 e6 7. c5 Qxb3 8. axb3 Nbd7 9. Bd3 Be7 10. b4 0-0 11. h3 Bxf3 12. Nxf3 b6 13. 0-0 b5 14. b3 Bd8 15. Re1 Bc7 16. Re2 e5 17. Bb1 Rfe8 18. Rea2 a5 19. Bb2 e4 20. Ne1 Ra6 21. bxa5 Rea8 22. b4 Nf8 23. Bc3 Re8 24. Re2 N6d7 25. f3 f5 26. fxe4 fxe4 27. Bc2 Bg3 28. Bd1 Nb8 29. Nc2 Ra7 30. Be1 Bxe1 31. Rxe1 Na6 32. Rf1 g6 33. Rf6 Re6 34. Rxe6 Nxe6 35. Bg4 Re7 36. Rf1 Kg7 37. h4 h6 38. h5 gxh5 39. Bxh5 Nf8 40. Kh2 Ng6 41. Kg3 Nc7 42. Bg4 Ne6 43. Ra1 Kf6 44. a6 Ra7 45. Bxe6 Kxe6 46. Kg4 Kf6 47. g3 Nf8 48. Ne1 Nd7 49. Ng2 Nb8 50. Ne1 Rxa6 51. Rxa6 Nxa6 52. Nc2 1/2-1/2

[Event "HUN-chT2 Barcza 0405"]
[Site "Hungary"]
[Date "2004.09.26"]
[Round "1"]
[White "Kovalcsik, Zoltan"]
[Black "Zelei, Imre"]
[Result "1-0"]
[WhiteElo "1814"]
[BlackElo "1820"]
[PlyCount "67"]
[EventDate "2004.09.26"]
[EventType "team-tourn"]
[EventRounds "11"]
[EventCountry "HUN"]
[SourceTitle "EXT 2009"]
[Source "ChessBase"]
[SourceDate "2008.11.26"]
[SourceVersion "1"]
[SourceVersionDate "2008.11.26"]
[SourceQuality "1"]
[WhiteTeam "Derecske"]
[BlackTeam "Tiszaujvaros"]
[WhiteTeamCountry "HUN"]
[BlackTeamCountry "HUN"]

1. e4 c5 2. d4 cxd4 3. c3 e6 4. Nf3 Nc6 5. Bc4 Qc7 6. Qe2 a6 7. 0-0 b5 8. Bb3 Bc5 9. Rd1 Nge7 10. Bg5 Ng6 11. cxd4 Bb6 12. e5 0-0 13. Nc3 d5 14. Rac1 Qd7 15. Bc2 Bb7 16. h4 h6 17. Be3 Na5 18. b3 Rac8 19. Qd2 Nc6 20. Bxh6 Bd8 21. Bg5 Ba5 22. Bb1 Rc7 23. h5 Nge7 24. h6 Rfc8 25. Qd3 Nf5 26. Ne2 Nb4 27. Rxc7 Rxc7 28. Qd2 Nc6 29. Qf4 Nce7 30. hxg7 Ng6 31. Qh2 Nxg7 32. Bf6 Ne8 33. Qh6 Bb4 34. Ng5 1-0